000 00371nam a22001697a 4500
003 UA-OsUOA
001 5434
007 ta
008 20050721b un ||||| |||| 00| 0 ukr d
100 _aLaubacher
700 _aSarah E.
942 _cBK
040 _aUA-OsUOA
_cUA-OsUOA
_dUA-OsUOA
245 _aA Book of Short Stories -- 1.
_bLiterature
955 _a2
650 7 _2UDC
999 _c291596
_d291596